| 000 | 02191nam a2200373 4500 | ||
|---|---|---|---|
| 003 | EC-UNACH | ||
| 005 | 20250522125035.0 | ||
| 006 | s||||gr|||| 00| 00 | ||
| 008 | 150116t9999 mx r gr 000 0 spa d | ||
| 020 | _a10121498 | ||
| 040 |
_aEC-UNACH _cEC-UNACH |
||
| 041 | _aspa | ||
| 082 | 0 | 4 |
_223 _a300 _bL017715 |
| 110 | _aCentro Andino de Acción Popular (CAAP) | ||
| 245 | _aEcuador Debate N° 57. El Síntoma Argentino | ||
| 250 | _aPrimera edición | ||
| 264 |
_aQuito - Ecuador _bCAAP _c2002 |
||
| 300 |
_a254 _bTablas, Cuadros _c14,5 X 21 cm |
||
| 505 | _aCoyuntura.- Financiamiento del gasto público: entre el FMI y las cuentas pendientes del salvataje bancario. El triunfo del Coronel Gutiérrez y la alianza indígena militar. Liberalización de flujos de capital y su impacto en la economía mundial. Conflictividad socio-política: julio - octubre 2002. -- Tema Central.- La crisis argentina, del espejismo al espejo. Argentina y el FMI El problema de ser el primer alumno. El destino contemporáneo de la política La crisis argentina en debate. La protesta social en Argentina. De Carlos Menem a Fernando De la Rúa del liderazgo a la crisis institucional. -- Entrevista.- Desconsolidación de la Democracia Discontinuidades y un nuevo sentido. -- Debate Agrario-Rural.- Reciprocidad, trueque y negocio: breves reflexiones. La agricultura a tiempo parcial como estrategia de desarrollo: El caso Espíndola-Provincia de Loja . -- Análisis.- Pero dónde y para qué hay cabida? El lugar de la ciudadanía en América Latina. El aprendizaje del autoritarismo y del belicismo: un estudio del bachillerato en Ecuador. -- Crítica Bibliográfica.- Los intelectuales y la narrativa mestiza del Ecuador. | ||
| 650 | _aALIANZA INDÍGENA | ||
| 650 | _aCORONEL GUTIÉRREZ | ||
| 650 | _aLOJA | ||
| 650 | _aAUTORITARISMO | ||
| 650 | _aINVERSIÓN EXTRANJERA | ||
| 700 | _aSalgado, Wilma | ||
| 700 | _aPuayana, Jaime | ||
| 700 | _aRomero, Marco | ||
| 700 | _aFerraro, Emilia | ||
| 942 |
_2ddc _c1 |
||
| 999 | _c13489 | ||